| 000 | 00385nam a22001577a 4500 | ||
|---|---|---|---|
| 005 | 20220513115627.0 | ||
| 008 | 220513b ||||| |||| 00| 0 eng d | ||
| 040 | _cAL | ||
| 041 | _aEnglish | ||
| 082 |
_223 _a234.2 _bSINM |
||
| 100 |
_aJoginder Singh _936858 |
||
| 245 | _aMinus to Plus | ||
| 300 |
_a72 p. _bPB _c22x16.5 cm. |
||
| 700 |
_aSINGH (Joginder) _936859 |
||
| 942 |
_2ddc _cGF |
||
| 999 |
_c222920 _d222920 |
||